000 01276cam a22003014a 4500
999 _c5875
_d5875
001 13269645
005 20240408094158.0
008 030710s2003 mauabf b 001 0 eng
010 _a 2003056668
020 _a0674012801 (alk. paper)
040 _aDLC
_cDLC
_dDLC
042 _apcc
043 _an-us---
_aap-----
_aa-iq---
050 0 0 _aDS79.76
_b.M87 2003
082 0 0 _aDRef 956.7044230973
_22003
_bM96i
100 1 _aMurray, Williamson.
_956365
245 1 4 _aThe Iraq war :
_ba military history /
_cWilliamson Murray and Robert H. Scales, Jr.
260 _aCambridge, Mass. :
_bBelknap Press of Harvard University Press,
_cc2003.
300 _a312 pages :
_bcolor illustrations ;
_c22 cm.
504 _aIncludes bibliographical references and index.
650 0 _aIraq War, 2003-2011.
_956366
651 0 _aUnited States
_xArmed Forces
_xHistory
_y21st century.
_956367
700 _aScales, Robert H.
_d1944-
_917822
_eAuthor
856 4 1 _3Table of contents only
_uhttp://www.loc.gov/catdir/toc/fy0708/2003056668.html
906 _a7
_bcbc
_corignew
_d1
_eocip
_f20
_gy-gencatlg
942 _2ddc
_cDREF